| Tag |
First Indicator |
Second Indicator |
Subfields |
| LEADER |
00000cem a2200000 a 4500 |
| 001 |
in00001080113 |
| 005 |
20150929164726.0 |
| 007 |
aj canzn |
| 008 |
720106s1970 be a 0 eng |
| 010 |
|
|
|a gm 71006403
|
| 034 |
1 |
|
|a a
|b 7000000
|d W0240000
|e E0520000
|f N0680000
|g N0300000
|
| 035 |
|
|
|a (OCoLC)05570144
|
| 035 |
|
|
|9 AFR4057AM
|
| 040 |
|
|
|a DLC
|c DLC
|d m.c.
|d TXA
|d UtOrBLW
|
| 041 |
|
|
|a eng
|a fre
|
| 049 |
|
|
|a TXA2
|
| 050 |
0 |
0 |
|a G5701.P95 1970
|b .E8
|
| 052 |
|
|
|a 5701
|
| 090 |
|
|
|a G5701.P95 1970
|b .E9
|
| 110 |
2 |
|
|a European Broadcasting Union.
|
| 245 |
1 |
0 |
|a Carte radiophonique, ondes kilometriques et hectometrique (zone Européene) :
|b Broadcasting map, LF and MF wavebands (European area).
|
| 255 |
|
|
|a Scale [ca. 1:7,000,000]
|c (W 24₋p0₋s--E 52₋p0₋s/N 68₋p0₋s--N 30₋p0₋s)
|
| 264 |
|
1 |
|a Brussels,
|b [publisher not identified] ;
|c 1970.
|
| 300 |
|
|
|a color map ;
|c 65 x 55 cm.
|
| 336 |
|
|
|a cartographic image
|b cri
|2 rdacontent
|
| 337 |
|
|
|a unmediated
|b n
|2 rdamedia
|
| 338 |
|
|
|a sheet
|b nb
|2 rdacarrier
|
| 500 |
|
|
|a Accompanied by: List of 141 Austrian low-power stations not indicated on the map [and] List of 108 Yugoslav low-power stations not indicated on the map. 1 l.
|
| 500 |
|
|
|a Cartographic material.
|
| 650 |
|
0 |
|a Radio stations
|z Europe
|x Maps.
|
| 650 |
|
0 |
|a Radio broadcasting
|z Europe
|x Maps.
|
| 999 |
|
|
|a MARS
|
| 999 |
f |
f |
|s 1b70b8fc-cc60-3de2-a681-98b0091b792d
|i d5647577-7821-33b5-ab89-79e9f70317d1
|t 0
|
| 952 |
f |
f |
|p normal
|a Texas A&M University
|b College Station
|c Sterling C. Evans Library
|d Evans: Maps (2nd floor)
|t 0
|e G5701.P95 1970 .E9
|h Library of Congress classification
|i unmediated -- sheet
|m A14815488105
|
| 998 |
f |
f |
|a G5701.P95 1970 .E9
|t 0
|l Evans: Maps (2nd floor)
|